Sustainability of Current Account Surpluses: Evidence from European Countries
Aplikácia nelineárnych jednotkových koreňových testov na série bilancií bežných účtov krajín s prebytkami v Európskej únii. Súčasné účty Rakúska, Dánska a Nemecka nie sú na udržateľnej ceste, čo naznačuje, že základné ekonomiky nemusia pokračovať v prebytkoch na financovanie vonkajších deficitov okr...
Saved in:
| Main Author: | |
|---|---|
| Other Authors: | |
| Format: | Book Chapter |
| Language: | English |
| Subjects: | |
| Tags: |
No Tags, Be the first to tag this record!
|
MARC
| LEADER | 00000naa a2200000 4500 | ||
|---|---|---|---|
| 001 | 0268180 | ||
| 005 | 20200903095657.8 | ||
| 041 | 0 | |a eng | |
| 044 | |a CZ | ||
| 245 | 1 | 0 | |a Sustainability of Current Account Surpluses: Evidence from European Countries |c Ayşen Sivrikaya, Zühal Kurul |
| 520 | |a Aplikácia nelineárnych jednotkových koreňových testov na série bilancií bežných účtov krajín s prebytkami v Európskej únii. Súčasné účty Rakúska, Dánska a Nemecka nie sú na udržateľnej ceste, čo naznačuje, že základné ekonomiky nemusia pokračovať v prebytkoch na financovanie vonkajších deficitov okrajových krajín. Tvorcovia politík v periférnych krajinách môžu v budúcnosti prijať proaktívne opatrenia proti možným problémom s pôžičkami a riziku odlivu kapitálu. | ||
| 610 | 2 | 0 | |a účty bežné |
| 610 | 2 | 0 | |a Európska únia |
| 610 | 2 | 0 | |a zostatok |
| 610 | 2 | 0 | |a modely lineárne |
| 610 | 2 | 0 | |a modely nelineárne |
| 100 | 1 | |a Sivrikaya, Ayşen | |
| 700 | 1 | |a Kurul, Zühal | |